| 000 | 00893nam a2200253 i 4500 | ||
|---|---|---|---|
| 001 | 71466 | ||
| 003 | ES-MaACL | ||
| 005 | 20250804011246.0 | ||
| 007 | t| | ||
| 008 | 040811s1971 sp ||||1| spa d | ||
| 080 | _a613.888 | ||
| 100 | 1 |
_aGeller, Sacha. _956263 |
|
| 245 | 1 | 3 |
_aLa temperatura, guía de la mujer / _cSacha Geller ; nota preliminar y notas de José López Navarro ; [versión, José Luis Sobrón]. |
| 260 |
_aMadrid : _bRialp, _c[1971] |
||
| 300 |
_aXXVI, 9-147 p., [1] h. de gráf. pleg. ; _c19 cm. |
||
| 490 | 1 |
_aLibros de bolsillo Rialp ; _v56 |
|
| 650 | 4 |
_aPlanificación familiar natural. _9173787 |
|
| 650 | 4 |
_aTemperatura corporal. _9136919 |
|
| 700 | 1 |
_aLópez Navarro, José. _973822 |
|
| 700 | 1 |
_aSobrón González, José Luis. _9107011 |
|
| 830 | 1 | 0 |
_aLibros de bolsillo Rialp _v56 _9181424 |
| 852 | 4 |
_aES-MaACL _jC-50663 |
|
| 999 |
_c71466 _d71466 |
||